Central Library OPAC University of Rajshahi

Mathematical methods of reliability theory / (Record no. 54773)

MARC details
000 -LEADER
fixed length control field 00817nam a2200241 a 4500
001 - CONTROL NUMBER
control field 54773
003 - CONTROL NUMBER IDENTIFIER
rucl marc code BD-RjUL
005 - DATE AND TIME OF LATEST TRANSACTION
control field 20211209080152.0
008 - FIXED-LENGTH DATA ELEMENTS--GENERAL INFORMATION
fixed length control field 170504s1969 nyua b 001 0 eng d
035 ## - SYSTEM CONTROL NUMBER
System control number (BD-RjUL)54895
040 ## - CATALOGING SOURCE
Original cataloging agency DLC
Transcribing agency DLC
Modifying agency BD-RjUL
Language of cataloging eng
041 1# - LANGUAGE CODE
Language code of text/sound track or separate title engrus
082 00 - DEWEY DECIMAL CLASSIFICATION NUMBER
Edition number 23
Classification number 519.287
Author mark and year GNM 1969
100 1# - MAIN ENTRY--PERSONAL NAME
Personal name Gnedenko, B. V.
Fuller form of name (Boris Vladimirovich),
Dates associated with a name 1912-1995.
9 (RLIN) 137830
245 10 - TITLE STATEMENT
Title Mathematical methods of reliability theory /
Statement of responsibility, etc. by B. V. Gnedenko, Yu. K. Belyayev, and A. D. Solovyev
260 ## - PUBLICATION, DISTRIBUTION, ETC. (IMPRINT)
Place of publication, distribution, etc. New York :
Name of publisher, distributor, etc. Academic Press,
Date of publication, distribution, etc. c1969.
300 ## - PHYSICAL DESCRIPTION
Pagination xi, 506 p. :
Illustrations ill. ;
Size 24 cm.
504 ## - BIBLIOGRAPHY, ETC. NOTE
Bibliography, etc Bibliography and index
650 #0 - SUBJECT ADDED ENTRY--TOPICAL TERM
Topical term or geographic name as entry element Reliability (Engineering)
9 (RLIN) 159803
700 1# - ADDED ENTRY--PERSONAL NAME
Personal name Belyayev, Yu. K.
Personal name Solovʹev, A. D.
Fuller form of name (Aleksandr Dmitrievich)
942 ## - ADDED ENTRY ELEMENTS (KOHA)
Source of classification or shelving scheme Dewey Decimal Classification
Koha item type Books
Holdings
Lost status Source of classification or shelving scheme Damaged status Not for loan Collection code Permanent Location Current Location Shelving location Date acquired Source of acquisition Cost, normal purchase price Total Checkouts Full call number Date last seen Copy number Koha item type
  Dewey Decimal Classification     Non-fiction Central Library, University of Rajshahi Central Library, University of Rajshahi   12/05/1985 Tulip 87.00   519.287 GNM 1969 10/11/2016 C-2 Books
  Dewey Decimal Classification   Not For Loan Non-fiction Central Library, University of Rajshahi Central Library, University of Rajshahi Reading Room 21/05/1985 Tulip 87.00   519.287 GNM 1969 12/04/2017 C-1 Books